Energetická bezpečnosť v podmienkach SR

Teoreticko-metodologický pohľad na definíciu energetickej bezpečnosti. Strategické dokumenty v oblasti energetickej politiky SR. Strategický cieľ energetickej politiky SR a energetická bezpečnosť.

Salvato in:
Dettagli Bibliografici
Autore principale: Gubáš, František
Natura: Capitolo di libro
Lingua:slovacco
Soggetti:
Tags: Aggiungi Tag
Nessun Tag, puoi essere il primo ad aggiungerne!!

MARC

LEADER 00000naa a2200000 4500
001 0192618
005 20231204133951.1
041 0 |a slo 
044 |a SK 
245 1 0 |a Energetická bezpečnosť v podmienkach SR  |c František Gubáš 
520 |a Teoreticko-metodologický pohľad na definíciu energetickej bezpečnosti. Strategické dokumenty v oblasti energetickej politiky SR. Strategický cieľ energetickej politiky SR a energetická bezpečnosť. 
610 2 0 |a Slovensko 
610 2 0 |a bezpečnosť energetická 
610 2 0 |a politika energetická 
100 1 |a Gubáš, František